|
|
|
|
| LEADER |
00000naa2a2200000 4500 |
| 001 |
127737 |
| 005 |
20231031132342.0 |
| 035 |
|
|
|a (RuTPU)RU\TPU\book\138183
|
| 090 |
|
|
|a 127737
|
| 100 |
|
|
|a 20071219d2007 k y0rusy50 ca
|
| 101 |
0 |
|
|a rus
|
| 102 |
|
|
|a RU
|
| 200 |
1 |
|
|a Геоэкологические проблемы Зырянского района Томской области (по материалам изучения природных сред)
|f Е. С. Олейник
|g науч. рук. Н. В. Барановская
|
| 320 |
|
|
|a Библиогр.: 6 назв.
|
| 461 |
|
0 |
|0 (RuTPU)RU\TPU\book\132777
|t Проблемы геологии и освоения недр
|o труды X Международного симпозиума имени академика М. А. Усова студентов и молодых ученых, посвященного 100-летию первого выпуска сибирских инженеров и 110-летию основания ТПУ; г. Томск, 3-8 апреля 2006 г.
|f Томский политехнический университет (ТПУ); Институт геологии и нефтегазового дела; под ред. В. А. Домаренко
|d 2007
|
| 463 |
|
0 |
|0 (RuTPU)RU\TPU\book\93778
|t Т. 3
|v С. 65-66
|d 2007
|p 244 с.
|
| 610 |
1 |
|
|a Томская область
|
| 610 |
1 |
|
|a Зырянский район
|
| 610 |
1 |
|
|a природные среды
|
| 610 |
1 |
|
|a геоэкология
|
| 610 |
1 |
|
|a геохимические исследования
|
| 610 |
1 |
|
|a загрязнения
|
| 610 |
1 |
|
|a труды учёных ТПУ
|
| 700 |
|
1 |
|a Олейник
|b Е. С.
|
| 702 |
|
1 |
|a Барановская
|b Н. В.
|c геохимик
|c профессор Томского политехнического университета, доктор биологических наук
|f 1970-
|g Наталья Владимировна
|2 stltpush
|4 727
|
| 801 |
|
1 |
|a RU
|b 63413507
|c 20071219
|g PSBO
|
| 801 |
|
2 |
|a RU
|b 63413507
|c 20180312
|g PSBO
|
| 942 |
|
|
|c BK
|